000 00928nam a22002177a 4500
999 _c57492
_d57492
005 20221107105415.0
008 200629s2016 eng||||| |||| 00| 0 eng d
020 _a9780702043079 1
041 _aeng
080 _a61 M-16
245 _aMedical Acupuncture :
_bA Western Scientific Approach /
_ceditors by Jacqueline Filshie MBBS FRCA DipMedAC (Editor), Adrian White MA MD BM BCh DipMedAc (Editor), Mike Cummings MB ChB DipMedAc (Editor).
264 _aEdinburgh :
_bElsevier,
_c2016.
300 _a715 p.
_b25 cm.
653 _aსამედიცინო აკუპუნქტურა
653 _aმედიცინა
700 _aFilshie, Jacqueline
_eრედაქტორი
_98845
700 _aWhite, Adrian
_eრედაქტორი
_98846
700 _aCummings, Mike
_eრედაქტორი
_98847
700 _aLonghurst, J.
_eრედაქტორი
_98848
942 _2udc
_cBK